Política sexual.
Αποθηκεύτηκε σε:
| Κύριος συγγραφέας: | |
|---|---|
| Άλλοι συγγραφείς: | |
| Μορφή: | Βιβλίο |
| Έκδοση: |
Madrid, España.
Ediciones Cátedra ; Universidat de València,
2019.
|
| Έκδοση: | Quinta edición. |
| Σειρά: | Feminismos.
|
| Θέματα: | |
| Ετικέτες: |
Προσθήκη ετικέτας
Δεν υπάρχουν, Καταχωρήστε ετικέτα πρώτοι!
|
MARC
| LEADER | 00000nam a22000007a 4500 | ||
|---|---|---|---|
| 003 | CL-VaPUC | ||
| 005 | 20250407202448.0 | ||
| 008 | 250317t2019 ||||| |||| 00| 0 eng d | ||
| 999 | |c 447364 |d 447362 | ||
| 020 | |a 9788437637372 | ||
| 040 | |c Pontificia Universidad Católica de Valparaíso | ||
| 082 | 0 | 4 | |a 305.42 MIL 2019 |2 21 |
| 100 | |a Millett, Kate |e autora |9 604603 | ||
| 245 | 1 | 0 | |a Política sexual. |
| 250 | |a Quinta edición. | ||
| 260 | |a Madrid, España. |b Ediciones Cátedra ; |b Universidat de València, |c 2019. | ||
| 300 | |a 634 páginas. | ||
| 490 | |a Feminismos. | ||
| 500 | |a c.1. Instituto Arcos 8-1-2025. | ||
| 583 | |a last modification |c 20191004 13:59:00 |k Cristina María Rojas Aguilar | ||
| 650 | |a Mujeres |x Historia |y 1600- |9 896901 | ||
| 650 | |a Feminismo |x Historia |9 887622 | ||
| 650 | |a Mujeres en la literatura |x Historia |9 896902 | ||
| 700 | |a Moreno, Amparo |e prólogo a la edición española |9 896903 | ||
| 942 | |c BK |2 ddc |n 0 | ||
| 945 | |d 20191004 13:59:00 |a cmena | ||
| 952 | |0 0 |1 0 |2 ddc |4 0 |6 305_420000000000000_MIL_2019 |7 0 |8 A |9 601312 |a BIBINC |b BIBINC |d 2025-03-17 |e Instituto Arcos |i 5666205 |o 305.42 MIL 2019 |p 5666205 |r 2025-03-17 |t 1 |w 2025-03-17 |y BK |k IFP | ||